000 00779nac a22002051u 4500
010 _a96023738
020 _a0201824191
020 _a8178082284
082 0 0 _a005.13
_bB9272
090 _c685
_d685
100 _aBudd, Timothy.
245 1 3 _aAn introduction to object-oriented programming /
_cTimothy Budd.
250 _a2nd ed.
260 _aNew Delhi :
_bPearson Education,
_c2004.
300 _axviii, 452 p. ;
_c24 cm.
504 _aIncludes bibliographical references (p. 431-441) and index.
650 0 _aObject-oriented programming (Computer science)
942 _cBB
_k005.13B9272
999 _c685
_d685